000 02474cas a2200589 a 4500
999 _c528242
_d528242
001 14395629
003 NUST
005 20190904101024.0
007 t|
008 060531d20062006dcuar s 0 a0eng c
010 _a 2006242083
016 7 _a980367247
_2DE-101
016 7 _a2241401-0
_2DE-600
016 7 _a013696873
_2Uk
022 0 _a1934-595X
_l1934-595X
_20
035 _a(OCoLC)ocm68941495
037 _bThe World Bank, 1818 H St., NW, Washington D.C. 20433
038 _aM.Sohail
040 _aMCM
_beng
_cMCM
_dTNJ
_dNSDP
_dCaQQL
_dOCoLC
_dTNJ
_dNSDP
_dInU
_dOCoLC
_dK6U
_dCaOOCC
_dOCoLC
_dMCM
_dGBVCP
_dUKMGB
_dOCoLC
042 _apcc
_ansdp
043 _ad------
050 0 0 _aHG3891.5
_b.L57
050 1 4 _aUN9 MG .L11 .ENG
082 1 0 _a330.9005
_214
_bTWB
100 _aThe World Bank
_919583
222 4 _aThe little book on external debt
245 0 4 _aThe little book on external debt /
_cthe World Bank.
260 _aWashington, D.C. :
_bWorld Bank,
_c2008.
300 _a1 v. ; 152
_c22 cm.
310 _aAnnual
362 1 _aBegan and ceased with 2008.
530 _aAlso issued online.
550 _aIssued by the Development Data Group of the World Bank's Development Economics Vice Presidency.
580 _aPocket edition of: Global development finance. Vol. 2, Summary and country tables, 2006.
588 _aDescription based on first and only issue; title from title page.
650 0 _aDebts, External
_zDeveloping countries
_vStatistics
_vPeriodicals.
_919895
650 0 _aFinance
_zDeveloping countries
_vStatistics
_vPeriodicals.
_919896
650 0 _aInternational finance
_vPeriodicals.
_919897
650 6 _aDettes extérieures
_zPays en voie de développement
_vStatistiques
_vPériodiques.
_919898
650 6 _aFinances
_zPays en voie de développement
_vStatistiques
_vPériodiques.
_919899
650 6 _aFinances internationales
_vPériodiques.
_919900
710 2 _aWorld Bank.
_bDevelopment Data Group.
_919901
710 2 _aWorld Bank.
_94999
785 0 0 _tLittle data book on external debt
_w(DLC) 2007237255
_w(OCoLC)154353010
787 1 _tGlobal development finance
_x1020-5454
_w(DLC) 97660616
_w(OCoLC)36661599
906 _a7
_bcbc
_cserials
_d2
_encip
_f20
_gn-oclcserc
942 _2ddc
_cBK